Little Mix lyrics - Statistics

General Stats
  • This quiz has been taken 949 times
  • The average score is 8 of 13
Answer Stats
Hint Answer % Correct
Get your killer heels, sneakers, pumps or lace up your boots Representing all the women salute
95%
I call my girl because ive got a problem only a curl is going to solve it Hair
92%
If you're lookin' for Mr. Right, Need that magic To change him over night. Here's the answer. Come and get it, While you've still got time. Black magic
87%
We keep behind closed doors every time i see you i die a litte more Secret love song
87%
And he just takes my breath away DNA
77%
Im firing up the run way gonna get there someway i dont need no ready steady go no wings
76%
You used to tell me that you loved me once What happened, what happened? Where is all of this coming from? What happened, what happened? You say I'm crazy and there's nothing wrong You're lying and you know I know Baby what have we become? What happened? Love me or leave me
63%
I feel so numb Staring at the shower wall It's begun, The feeling that the end has come And now the water's cold I tried to eat today But the lump in my throat got in the way These four walls
52%
It's funny how the tables turn I'm sitting back baby watching you burn No regrets, it's a lesson learned 'Cause what you think ain't my concern Grown
49%
Id cross a dessert and an ocean Lightning
49%
In my memory, all the small things, like daggers in my mind In my memory, while my head bleeds, the words I'll never find That I always meant to say to you I can't turn your face
42%
Is it all a dream? Cause I don't wanna stay awake But I won't remember a thing And now it's running through my veins I don't know what's happening, the beats so sick madhouse
37%
Loving you feels so right From the way you kiss me And how you hold me tight, no And every day with you is a surprise You put a smile on my face Don't ever wanna have to say goodbye Mr loverboy
29%
No matching quizzes found
Score Distribution
Percent of People with Each Score
Percentile by Number Answered
Your Score History
You have not taken this quiz